| 000 | 00666nam a22002417a 4500 | ||
|---|---|---|---|
| 005 | 20231010115548.0 | ||
| 008 | 170706b xxu||||| |||| 00| 0 eng d | ||
| 020 |
_a9781907563171 _c£16.99 |
||
| 040 | _aLoreto College | ||
| 041 | _aEnglish | ||
| 082 |
_a745.5 _bGOU |
||
| 100 | _aGouldsmith,Nicola | ||
| 245 |
_aA Green Guide to Country Crafts _b32 beautiful step-by-step projects _cNicola Gouldsmith and Jacqueline Mann |
||
| 260 |
_aLondon _bCico Books _c2011 |
||
| 300 |
_a192p. _b22cm. |
||
| 504 | _aIncludes index | ||
| 650 | _aHandcraft | ||
| 650 | _aNature Craft | ||
| 650 | _aHome Economics | ||
| 651 | _aRural | ||
| 850 | _aLCLIB | ||
| 942 | _cBK | ||
| 999 |
_c41129 _d91608 |
||